| 000 | 00487nam a2200181Ia 4500 | ||
|---|---|---|---|
| 003 | OSt | ||
| 005 | 20240605164428.0 | ||
| 008 | 210210b1941 xxu||||| |||| 00| 0 eng d | ||
| 040 | _cAL | ||
| 041 | _aKannada | ||
| 082 | _a852/177 | ||
| 100 |
_aGANGA PRASADA G _9150846 _d ಗಂಗಾ ಪ್ರಸಾದ ಜಿ |
||
| 245 |
_aAstikavada _b ಆಸ್ತಿಕವಾದ |
||
| 260 |
_aBengaluru _b- _c1941 |
||
| 690 |
_aKannada Prose _9150847 |
||
| 906 | _a018745 | ||
| 942 |
_2ddc _cBK |
||
| 999 |
_c142298 _d142298 |
||